[Event "Najdorf Memorial"]
[Site "Warsaw POL"]
[Date "2021.07.18"]
[Round "9.28"]
[White "Selbes, Tarik"]
[Black "Goraj, Barbara"]
[Result "1-0"]
[WhiteElo "2235"]
[BlackElo "2076"]
[EventDate "????.??.??"]
[PlyCount "137"]
[LiveChessVersion "1.4.8"]

1.Nf3 {[%clk 1:30:13]} 1...Nf6 {[%clk 1:30:51]} 2.b3 {[%clk 1:30:25]} 2...g6
{[%clk 1:30:41]} 3.Bb2 {[%clk 1:30:49]} 3...Bg7 {[%clk 1:29:38]} 4.c4 {[%clk
1:31:01]} 4...c5 {[%clk 1:28:58]} 5.g3 {[%clk 1:31:08]} 5...O-O {[%clk 1:28:25]}
6.Bg2 {[%clk 1:31:30]} 6...d6 {[%clk 1:28:33]} 7.O-O {[%clk 1:31:25]} 7...e5
{[%clk 1:27:48]} 8.Nc3 {[%clk 1:31:09]} 8...Nc6 {[%clk 1:27:24]} 9.h3 {[%clk
1:24:56]} 9...Ne8 {[%clk 1:25:10]} 10.d3 {[%clk 1:19:09]} 10...Nc7 {[%clk
1:23:27]} 11.Nd2 {[%clk 1:18:08]} 11...Be6 {[%clk 1:19:31]} 12.Nd5 {[%clk
1:17:34]} 12...f5 {[%clk 1:10:17]} 13.f4 {[%clk 1:14:42]} 13...Qd7 {[%clk
1:07:47]} 14.a3 {[%clk 1:13:58]} 14...exf4 {[%clk 1:01:43]} 15.Bxg7 {[%clk
1:14:03]} 15...Qxg7 {[%clk 1:01:45]} 16.Nxc7 {[%clk 1:09:38]} 16...Qxc7 {[%clk
1:01:22]} 17.gxf4 {[%clk 1:09:59]} 17...Rae8 {[%clk 0:54:29]} 18.e3 {[%clk
0:59:14]} 18...Bf7 {[%clk 0:53:32]} 19.Re1 {[%clk 0:59:37]} 19...Re7 {[%clk
0:49:54]} 20.Nf3 {[%clk 0:52:06]} 20...Rfe8 {[%clk 0:48:00]} 21.Qd2 {[%clk
0:52:24]} 21...Qa5 {[%clk 0:38:35]} 22.Kf2 {[%clk 0:51:07]} 22...d5 {[%clk
0:34:59]} 23.Qxa5 {[%clk 0:48:44]} 23...Nxa5 {[%clk 0:34:57]} 24.Rab1 {[%clk
0:47:49]} 24...Nc6 {[%clk 0:28:33]} 25.Ng5 {[%clk 0:47:07]} 25...dxc4 {[%clk
0:28:08]} 26.bxc4 {[%clk 0:47:05]} 26...Nd8 {[%clk 0:27:01]} 27.Rb5 {[%clk
0:44:43]} 27...Rd7 {[%clk 0:24:40]} 28.Nxf7 {[%clk 0:28:25]} 28...Nxf7 {[%clk
0:20:23]} 29.Bd5 {[%clk 0:27:46]} 29...Rc7 {[%clk 0:17:29]} 30.Bxb7 {[%clk
0:27:23]} 30...Nd6 {[%clk 0:15:16]} 31.Bd5+ {[%clk 0:27:49]} 31...Kg7 {[%clk
0:15:37]} 32.Rb2 {[%clk 0:24:41]} 32...Rce7 {[%clk 0:15:07]} 33.Kf3 {[%clk
0:24:15]} 33...Rd8 {[%clk 0:13:40]} 34.a4 {[%clk 0:22:41]} 34...Rde8 {[%clk
0:12:52]} 35.a5 {[%clk 0:23:04]} 35...Kf6 {[%clk 0:11:30]} 36.h4 {[%clk
0:20:12]} 36...Rd8 {[%clk 0:09:42]} 37.a6 {[%clk 0:19:50]} 37...Rde8 {[%clk
0:08:45]} 38.Ree2 {[%clk 0:15:37]} 38...Kg7 {[%clk 0:07:29]} 39.h5 {[%clk
0:14:36]} 39...gxh5 {[%clk 0:05:01]} 40.e4 {[%clk 0:44:31]} 40...fxe4+ {[%clk
0:34:06]} 41.dxe4 {[%clk 0:44:57]} 41...Kh6 {[%clk 0:33:00]} 42.e5 {[%clk
0:41:20]} 42...Nf5 {[%clk 0:32:33]} 43.Rh2 {[%clk 0:41:40]} 43...Rg7 {[%clk
0:29:27]} 44.Rh3 {[%clk 0:36:51]} 44...h4 {[%clk 0:20:45]} 45.Rb7 {[%clk
0:33:30]} 45...Rf8 {[%clk 0:12:09]} 46.Rxg7 {[%clk 0:32:22]} 46...Kxg7 {[%clk
0:12:16]} 47.Be4 {[%clk 0:27:13]} 47...Nd4+ {[%clk 0:05:57]} 48.Ke3 {[%clk
0:27:37]} 48...h5 {[%clk 0:05:36]} 49.Rxh4 {[%clk 0:27:23]} 49...Kh6 {[%clk
0:05:43]} 50.Rh2 {[%clk 0:23:54]} 50...Rb8 {[%clk 0:05:23]} 51.f5 {[%clk
0:15:01]} 51...Rb6 {[%clk 0:01:40]} 52.e6 {[%clk 0:14:19]} 52...Nxe6 {[%clk
0:01:07]} 53.fxe6 {[%clk 0:14:43]} 53...Rxe6 {[%clk 0:01:34]} 54.Kf4 {[%clk
0:13:22]} 54...Rxa6 {[%clk 0:01:57]} 55.Bf3 {[%clk 0:13:48]} 55...Kg6 {[%clk
0:01:20]} 56.Bxh5+ {[%clk 0:14:11]} 56...Kf6 {[%clk 0:01:41]} 57.Bf3 {[%clk
0:14:25]} 57...Ra4 {[%clk 0:01:27]} 58.Bd5 {[%clk 0:14:51]} 58...Ra1 {[%clk
0:01:18]} 59.Rh6+ {[%clk 0:15:13]} 59...Ke7 {[%clk 0:01:44]} 60.Rc6 {[%clk
0:15:31]} 60...Kd7 {[%clk 0:00:33]} 61.Rxc5 {[%clk 0:15:40]} 61...a5 {[%clk
0:00:34]} 62.Ke5 {[%clk 0:16:01]} 62...a4 {[%clk 0:00:36]} 63.Ra5 {[%clk
0:16:17]} 63...Kc7 {[%clk 0:00:53]} 64.c5 {[%clk 0:15:33]} 64...Ra3 {[%clk
0:00:32]} 65.Ra7+ {[%clk 0:15:44]} 65...Kb8 {[%clk 0:00:55]} 66.Rb7+ {[%clk
0:16:06]} 66...Kc8 {[%clk 0:01:21]} 67.Kd6 {[%clk 0:16:19]} 67...Rg3 {[%clk
0:01:35]} 68.c6 {[%clk 0:16:42]} 68...Rd3 {[%clk 0:01:37]} 69.Ra7 {[%clk
0:16:50]} 1-0

[Event "Najdorf Memorial"]
[Site "Warsaw POL"]
[Date "2021.07.18"]
[Round "9.29"]
[White "Grochol, Kamil"]
[Black "Siekanski, Janusz"]
[Result "0-1"]
[WhiteElo "1978"]
[BlackElo "2212"]
[EventDate "????.??.??"]
[PlyCount "51"]
[LiveChessVersion "1.4.8"]

1.d4 d5 {[%clk 1:28:25]} 2.Bf4 {[%clk 1:28:33]} 2...c5 {[%clk 1:28:36]} 3.e3
{[%clk 1:29:03]} 3...cxd4 {[%clk 1:26:12]} 4.exd4 {[%clk 1:28:58]} 4...Nc6
{[%clk 1:25:32]} 5.c3 {[%clk 1:28:44]} 5...Bf5 {[%clk 1:17:06]} 6.Nd2 {[%clk
1:28:10]} 6...e6 {[%clk 1:13:09]} 7.Qb3 {[%clk 1:25:51]} 7...Qd7 {[%clk
1:12:04]} 8.Ngf3 {[%clk 1:25:34]} 8...f6 {[%clk 1:11:08]} 9.Be2 {[%clk 1:21:19]}
9...g5 {[%clk 1:00:39]} 10.Bg3 {[%clk 1:08:22]} 10...Nge7 {[%clk 0:57:12]}
11.h4 {[%clk 1:01:09]} 11...g4 {[%clk 0:56:30]} 12.Nh2 {[%clk 0:56:41]} 12...h5
{[%clk 0:54:17]} 13.O-O {[%clk 0:46:10]} 13...Bh6 {[%clk 0:50:25]} 14.Qd1
{[%clk 0:43:54]} 14...Rg8 {[%clk 0:40:05]} 15.Re1 {[%clk 0:40:50]} 15...Ng6
{[%clk 0:37:41]} 16.Nb3 {[%clk 0:39:14]} 16...b6 {[%clk 0:29:29]} 17.Bd3 {[%clk
0:38:08]} 17...Nce7 {[%clk 0:28:57]} 18.Nf1 {[%clk 0:29:33]} 18...Bxd3 {[%clk
0:27:23]} 19.Qxd3 {[%clk 0:29:53]} 19...Kf7 {[%clk 0:27:39]} 20.a4 a5 21.Ne3
{[%clk 0:16:42]} 21...f5 {[%clk 0:17:27]} 22.Be5 {[%clk 0:15:35]} 22...Nxh4
{[%clk 0:11:49]} 23.c4 {[%clk 0:14:51]} 23...Nhg6 {[%clk 0:11:55]} 24.Rac1
{[%clk 0:11:52]} 24...Rgc8 {[%clk 0:11:39]} 25.f3 {[%clk 0:08:31]} 25...gxf3
{[%clk 0:10:35]} 26.Rf1 {[%clk 0:08:56]} 0-1

[Event "Najdorf Memorial"]
[Site "Warsaw POL"]
[Date "2021.07.18"]
[Round "9.30"]
[White "Janeczko, Jakub"]
[Black "Kubicka, Anna"]
[Result "1/2-1/2"]
[WhiteElo "1976"]
[BlackElo "2210"]
[EventDate "????.??.??"]
[PlyCount "148"]
[LiveChessVersion "1.4.8"]

1.e4 {[%clk 1:30:58]} 1...c5 {[%clk 1:30:50]} 2.d3 {[%clk 1:30:52]} 2...Nc6
{[%clk 1:30:49]} 3.g3 {[%clk 1:31:16]} 3...Nf6 {[%clk 1:30:44]} 4.Bg2 {[%clk
1:31:40]} 4...d5 5.Nd2 {[%clk 1:31:18]} 5...e5 {[%clk 1:28:10]} 6.Ngf3 {[%clk
1:31:15]} 6...Be7 {[%clk 1:28:14]} 7.O-O {[%clk 1:31:20]} 7...O-O {[%clk
1:28:31]} 8.c3 {[%clk 1:29:52]} 8...d4 {[%clk 1:28:55]} 9.Nc4 {[%clk 1:26:54]}
9...Qc7 {[%clk 1:26:20]} 10.a4 {[%clk 1:26:11]} 10...h6 {[%clk 1:24:24]} 11.Nh4
{[%clk 1:22:40]} 11...Ne8 {[%clk 1:03:21]} 12.Nf5 {[%clk 1:13:47]} 12...Bxf5
{[%clk 0:58:12]} 13.exf5 {[%clk 1:14:11]} 13...Rd8 {[%clk 0:56:09]} 14.Qe2
{[%clk 1:06:16]} 14...dxc3 {[%clk 0:48:18]} 15.bxc3 {[%clk 1:06:38]} 15...Bf6
{[%clk 0:48:44]} 16.Be4 {[%clk 1:02:47]} 16...Nd6 {[%clk 0:45:57]} 17.Nxd6
{[%clk 1:02:56]} 17...Qxd6 {[%clk 0:45:35]} 18.h4 {[%clk 0:51:58]} 18...Na5
{[%clk 0:37:58]} 19.Ba3 {[%clk 0:48:55]} 19...b6 {[%clk 0:34:21]} 20.Qh5 {[%clk
0:43:38]} 20...Be7 {[%clk 0:23:12]} 21.Kg2 {[%clk 0:36:44]} 21...Qf6 {[%clk
0:23:13]} 22.c4 {[%clk 0:36:32]} 22...Nb3 {[%clk 0:22:57]} 23.Rad1 {[%clk
0:35:46]} 23...Rd6 {[%clk 0:20:58]} 24.Bb2 {[%clk 0:33:07]} 24...Re8 {[%clk
0:14:38]} 25.Rh1 {[%clk 0:29:26]} 25...Bf8 {[%clk 0:13:52]} 26.Qg4 {[%clk
0:25:49]} 26...Qd8 {[%clk 0:11:36]} 27.f4 {[%clk 0:22:18]} 27...exf4 {[%clk
0:05:30]} 28.f6 {[%clk 0:21:03]} 28...Nd4 {[%clk 0:04:42]} 29.Bxd4 {[%clk
0:20:37]} 29...Rxd4 {[%clk 0:04:45]} 30.fxg7 {[%clk 0:20:56]} 30...Bxg7 {[%clk
0:05:09]} 31.gxf4 {[%clk 0:21:03]} 31...Qd7 {[%clk 0:03:02]} 32.Qxd7 {[%clk
0:17:59]} 32...Rxd7 {[%clk 0:03:29]} 33.Kf3 {[%clk 0:18:00]} 33...Rd4 {[%clk
0:02:46]} 34.Bd5 {[%clk 0:15:30]} 34...Kf8 {[%clk 0:02:37]} 35.h5 {[%clk
0:13:33]} 35...Bf6 {[%clk 0:02:15]} 36.Be4 {[%clk 0:10:38]} 36...Bd8 {[%clk
0:01:25]} 37.Rhe1 {[%clk 0:07:45]} 37...Bc7 {[%clk 0:01:13]} 38.Kg4 {[%clk
0:07:15]} 38...Re7 {[%clk 0:00:59]} 39.f5 {[%clk 0:07:17]} 39...Kg7 {[%clk
0:00:54]} 40.Kf3 {[%clk 0:36:53]} 40...Kf6 {[%clk 0:31:09]} 41.Re2 {[%clk
0:36:55]} 41...Re8 {[%clk 0:23:58]} 42.Rdd2 {[%clk 0:33:59]} 42...Rg8 {[%clk
0:17:28]} 43.Rg2 {[%clk 0:34:12]} 43...Rdd8 {[%clk 0:17:43]} 44.Rxg8 {[%clk
0:33:03]} 44...Rxg8 {[%clk 0:18:10]} 45.Rg2 {[%clk 0:33:03]} 45...Rxg2 {[%clk
0:18:35]} 46.Kxg2 {[%clk 0:33:30]} 46...Kg5 {[%clk 0:18:57]} 47.Bd5 {[%clk
0:33:01]} 47...f6 {[%clk 0:19:18]} 48.Bf7 {[%clk 0:32:48]} 48...Kxf5 {[%clk
0:19:44]} 49.Kf3 {[%clk 0:33:08]} 49...Bf4 {[%clk 0:18:19]} 50.Bg6+ {[%clk
0:33:26]} 50...Ke5 {[%clk 0:18:39]} 51.Kg4 {[%clk 0:33:33]} 51...Bg5 {[%clk
0:19:02]} 52.Bf5 {[%clk 0:33:59]} 52...a6 {[%clk 0:16:05]} 53.Bc8 {[%clk
0:33:13]} 53...Kd4 {[%clk 0:16:21]} 54.Bxa6 {[%clk 0:33:32]} 54...Kxd3 {[%clk
0:16:48]} 55.Kf5 {[%clk 0:33:55]} 55...Ke3 {[%clk 0:16:32]} 56.Bb5 {[%clk
0:34:20]} 56...Kf3 {[%clk 0:16:24]} 57.Be8 {[%clk 0:34:44]} 57...Ke2 {[%clk
0:16:06]} 58.Bb5 {[%clk 0:35:08]} 58...Kd2 {[%clk 0:16:23]} 59.Ba6 {[%clk
0:35:34]} 59...Kc3 {[%clk 0:16:49]} 60.Bb5 {[%clk 0:36:01]} 60...Kb4 {[%clk
0:16:58]} 61.Kg6 {[%clk 0:36:19]} 61...Kc3 {[%clk 0:16:36]} 62.Kf5 {[%clk
0:36:40]} 62...Kd4 {[%clk 0:17:01]} 63.Ba6 {[%clk 0:37:08]} 63...Kd3 {[%clk
0:16:44]} 64.Bb5 {[%clk 0:37:32]} 64...Bh4 {[%clk 0:16:20]} 65.Ba6 {[%clk
0:37:59]} 65...Ke3 {[%clk 0:16:20]} 66.Bb5 {[%clk 0:38:27]} 66...Kd2 {[%clk
0:15:37]} 67.Ba6 {[%clk 0:38:53]} 67...Kc3 {[%clk 0:16:04]} 68.Bb5 {[%clk
0:39:18]} 68...Kb4 {[%clk 0:16:31]} 69.Kg6 {[%clk 0:39:43]} 69...Bg5 {[%clk
0:16:28]} 70.Kf5 {[%clk 0:40:11]} 70...Kb3 {[%clk 0:15:51]} 71.Kg6 {[%clk
0:40:37]} 71...Kc3 {[%clk 0:16:16]} 72.Kf5 {[%clk 0:41:04]} 72...Kd4 {[%clk
0:16:23]} 73.Ba6 {[%clk 0:41:29]} 73...Kd3 {[%clk 0:16:23]} 74.Bb5 {[%clk
0:41:55]} 74...Kd4 {[%clk 0:16:32]} 1/2-1/2

[Event "Najdorf Memorial"]
[Site "Warsaw POL"]
[Date "2021.07.18"]
[Round "9.31"]
[White "Raczek, Krzysztof"]
[Black "Kacprzak, Karol"]
[Result "0-1"]
[WhiteElo "1816"]
[BlackElo "2151"]
[EventDate "????.??.??"]
[PlyCount "68"]
[LiveChessVersion "1.4.8"]

1.e4 {[%clk 1:30:58]} 1...c5 {[%clk 1:30:37]} 2.Nf3 {[%clk 1:31:15]} 2...d6
{[%clk 1:30:24]} 3.d4 {[%clk 1:31:38]} 3...cxd4 {[%clk 1:30:48]} 4.Nxd4 {[%clk
1:31:59]} 4...Nf6 {[%clk 1:31:09]} 5.Nc3 {[%clk 1:32:26]} 5...a6 {[%clk
1:31:32]} 6.f3 {[%clk 1:32:44]} 6...e6 {[%clk 1:31:53]} 7.Be3 {[%clk 1:33:09]}
7...b5 {[%clk 1:31:44]} 8.a4 {[%clk 1:27:18]} 8...b4 {[%clk 1:29:02]} 9.Na2
{[%clk 1:27:41]} 9...e5 {[%clk 1:16:57]} 10.Nb3 {[%clk 1:27:18]} 10...d5 {[%clk
1:16:00]} 11.exd5 {[%clk 1:24:21]} 11...Nxd5 {[%clk 1:16:04]} 12.Bc5 {[%clk
1:24:05]} 12...Bxc5 {[%clk 1:04:10]} 13.Nxc5 {[%clk 1:24:29]} 13...Nc6 {[%clk
1:04:06]} 14.Qd2 {[%clk 1:21:49]} 14...Nd4 {[%clk 0:49:48]} 15.Nb3 {[%clk
1:21:13]} 15...Qh4+ {[%clk 0:47:04]} 16.Kd1 {[%clk 1:21:28]} 16...Bf5 {[%clk
0:33:51]} 17.g3 {[%clk 1:19:05]} 17...Qe7 {[%clk 0:31:59]} 18.Nxd4 {[%clk
1:15:58]} 18...exd4 {[%clk 0:32:23]} 19.Bd3 {[%clk 1:14:58]} 19...Bxd3 {[%clk
0:28:15]} 20.Qxd3 {[%clk 1:14:58]} 20...O-O {[%clk 0:27:53]} 21.Re1 {[%clk
1:11:27]} 21...Ne3+ {[%clk 0:27:00]} 22.Kc1 {[%clk 1:11:53]} 22...Rfd8 {[%clk
0:24:57]} 23.Kb1 {[%clk 1:08:56]} 23...Rac8 {[%clk 0:23:14]} 24.Re2 {[%clk
1:07:11]} 24...Qb7 {[%clk 0:22:29]} 25.Nc1 {[%clk 1:03:25]} 25...Qxf3 {[%clk
0:17:38]} 26.Nb3 {[%clk 1:02:47]} 26...Qd5 {[%clk 0:11:25]} 27.a5 {[%clk
0:49:23]} 27...Rc4 {[%clk 0:06:48]} 28.Ra4 {[%clk 0:45:58]} 28...g6 {[%clk
0:05:56]} 29.Nd2 {[%clk 0:44:00]} 29...Rxc2 {[%clk 0:03:46]} 30.Rxb4 {[%clk
0:43:33]} 30...Rc5 {[%clk 0:02:49]} 31.Nb3 {[%clk 0:43:33]} 31...Rc4 {[%clk
0:03:07]} 32.Rxc4 {[%clk 0:43:28]} 32...Nxc4 {[%clk 0:03:36]} 33.Re4 {[%clk
0:43:21]} 33...Qb5 {[%clk 0:02:21]} 34.Re2 {[%clk 0:38:26]} 34...Na3+ {[%clk
0:02:16]} 0-1

[Event "Najdorf Memorial"]
[Site "Warsaw POL"]
[Date "2021.07.18"]
[Round "9.32"]
[White "Kaczmarek, Arkadiusz"]
[Black "Dalkowski, Rafal"]
[Result "0-1"]
[WhiteElo "2147"]
[BlackElo "1980"]
[EventDate "????.??.??"]
[PlyCount "64"]
[LiveChessVersion "1.4.8"]

1.d4 {[%clk 1:24:17]} 1...Nf6 {[%clk 1:30:55]} 2.c4 {[%clk 1:24:31]} 2...c5
{[%clk 1:31:22]} 3.d5 {[%clk 1:24:41]} 3...g6 {[%clk 1:31:47]} 4.Nc3 {[%clk
1:24:50]} 4...Bg7 {[%clk 1:32:13]} 5.e4 {[%clk 1:24:58]} 5...d6 {[%clk 1:32:36]}
6.Nf3 {[%clk 1:25:09]} 6...O-O {[%clk 1:32:56]} 7.Be2 {[%clk 1:25:24]} 7...e5
{[%clk 1:32:30]} 8.O-O {[%clk 1:24:37]} 8...Ne8 {[%clk 1:32:36]} 9.Ne1 {[%clk
1:01:46]} 9...f5 {[%clk 1:32:31]} 10.Nd3 {[%clk 1:02:05]} 10...Nf6 {[%clk
1:29:31]} 11.exf5 {[%clk 0:59:03]} 11...gxf5 {[%clk 1:29:35]} 12.f4 {[%clk
0:58:51]} 12...e4 {[%clk 1:25:38]} 13.Nf2 {[%clk 0:59:08]} 13...Kh8 {[%clk
1:19:21]} 14.Be3 {[%clk 0:58:12]} 14...Rg8 {[%clk 1:18:19]} 15.Kh1 {[%clk
0:58:11]} 15...Bd7 {[%clk 1:14:52]} 16.Rg1 {[%clk 0:55:13]} 16...Qe8 {[%clk
1:11:45]} 17.Qb3 {[%clk 0:41:29]} 17...b6 {[%clk 1:09:28]} 18.a4 {[%clk
0:41:19]} 18...Na6 {[%clk 1:08:13]} 19.Nb5 {[%clk 0:36:31]} 19...Qe7 {[%clk
0:56:51]} 20.g4 {[%clk 0:25:08]} 20...fxg4 {[%clk 0:51:43]} 21.Nxg4 {[%clk
0:25:23]} 21...Nxg4 {[%clk 0:51:00]} 22.Bxg4 {[%clk 0:25:34]} 22...Bxg4 {[%clk
0:50:49]} 23.Rxg4 {[%clk 0:25:43]} 23...Nb4 {[%clk 0:49:14]} 24.Rag1 {[%clk
0:24:09]} 24...Nd3 {[%clk 0:46:21]} 25.Nc3 {[%clk 0:22:43]} 25...Bd4 {[%clk
0:43:56]} 26.Rxg8+ {[%clk 0:14:39]} 26...Rxg8 {[%clk 0:44:21]} 27.Rxg8+ {[%clk
0:14:56]} 27...Kxg8 {[%clk 0:44:48]} 28.Bxd4 {[%clk 0:06:40]} 28...cxd4 {[%clk
0:44:56]} 29.Ne2 {[%clk 0:06:57]} 29...Qf7 {[%clk 0:39:51]} 30.Qb5 {[%clk
0:03:30]} 30...Qh5 {[%clk 0:38:06]} 31.Nxd4 {[%clk 0:03:24]} 31...Qg6 {[%clk
0:35:07]} 32.h3 Nxf4 0-1